| 000 -Record Label |
| fixed length control field |
01507nam1a22003491 4500 |
| 001 - Record Identifier |
| control field |
32658 |
| 100 ## - General Processing Data |
| General Processing Data |
20171204d1998 |||y0rusy50 ca |
| 101 0# - Language of the Resource |
| Language of Text, Soundtrack etc. |
Русский |
| 102 ## - Country of Publication or Production |
| Country of Publication |
Россия |
| 105 ## - Coded Data Field: Textual Material, Monographic |
| Monograph Coded Data |
y a 000ay |
| 200 1# - Title and Statement of Responsibility |
| Title Proper |
Женщина и спасение мира |
| First Statement of Responsibility |
Евдокимов П. |
| 210 ## - Publication, Distribution, etc. |
| Place of Publication, Distribution, etc. |
Минск (Белоруссия) |
| Name of Publisher, Distributor, etc. |
Лучи Софии |
| Date of Publication, Distribution, etc. |
1998 |
| 215 ## - Physical Description |
| Specific Material Designation and Extent of Item |
272 c. |
| 610 0# - Uncontrolled Subject Terms |
| Subject Term |
Бог -- Cвятость / God -- Holiness. |
| 610 0# - Uncontrolled Subject Terms |
| Subject Term |
Библия -- История -- Женщина, женщины/ Bible -- History -- Woman |
| 610 0# - Uncontrolled Subject Terms |
| Subject Term |
Библия -- Теология -- Сотворение / Bible -- Theology -- Creation |
| 610 0# - Uncontrolled Subject Terms |
| Subject Term |
Библия -- Теология -- Образ / Bible -- Theology -- Image |
| 610 0# - Uncontrolled Subject Terms |
| Subject Term |
Эсхатология / Eschatology |
| 610 0# - Uncontrolled Subject Terms |
| Subject Term |
Феминизм / Feminism |
| 610 0# - Uncontrolled Subject Terms |
| Subject Term |
Патриархи и патриархат |
| 610 0# - Uncontrolled Subject Terms |
| Subject Term |
Иоанн Креститель / John, the Baptist, Saint. |
| 610 0# - Uncontrolled Subject Terms |
| Subject Term |
Дева Мария [Богородица, Богоматерь] / Mary, Blessed Virgin, Saint |
| 610 0# - Uncontrolled Subject Terms |
| Subject Term |
Аскетизм / Asceticism |
| 610 0# - Uncontrolled Subject Terms |
| Subject Term |
Антропология / Anthropology |
| 610 0# - Uncontrolled Subject Terms |
| Subject Term |
Святость / Holiness |
| 675 ## - Universal Decimal Classification (UDC) |
| Number |
234 E15ж |
| 676 ## - Dewey Decimal Classification |
| Number |
234 E15ж |
| 700 #1 - Имя лица - первичная ответственность |
| Начальный элемент ввода |
Евдокимов |
| Часть имени, кроме начального элемента ввода |
П. |
| 801 #0 - Originating Source |
| Country |
Россия |
| Agency |
Библиотека СПбХУ |
| Date of Transaction |
20171204 |
| Cataloguing Rules (Descriptive Conventions) |
rusmarc |
| 852 ## - Location and Call Number |
| Institution Identifier |
Библиотека СПбХУ |
| Sub-Location Identifier |
Абонемент |
| Non-Coded Location Qualifier |
Общий фонд |
| Item Identifier |
0016431 |
| Copy Identifier |
16431 |
| 090 ## - System Control Numbers (Koha) |
| Koha biblioitem number (autogenerated) |
32658 |
| 942 ## - ADDED ENTRY ELEMENTS (KOHA) |
| Полочный индекс |
234 E15ж |